| 000 | 00699nam a2200229 a 4500 | ||
|---|---|---|---|
| 008 | |||
| 020 | _a0947458093 (pbk.) | ||
| 049 | _aMAIN | ||
| 090 |
_aSB323 _bHAD |
||
| 100 | 1 | _aHadfield, Jack. | |
| 245 | 1 | 4 |
_aThe A-Z of vegetable gardening in South Africa / _cJack Hadfield. |
| 260 |
_aCape Town : _bStruikhof publishers, _c1995. |
||
| 300 |
_a153 p. : _bill. (some col.) ; _c29 cm. |
||
| 504 | _aIncludes bibliographical references. | ||
| 500 | _aIncludes index. | ||
| 650 | 0 |
_aVegetable gardening _zSouth Africa. |
|
| 907 |
_a.b10283651 _b29-09-10 _c20-09-10 |
||
| 003 | |||
| 005 | 20230123125045.0 | ||
| 040 | _cNUST | ||
| 942 |
_cBOOKS _kSB323 _mHAD |
||
| 999 |
_c134963 _d134963 |
||